"Lírai alkat, de szláv torok kell hozzá" A péntek esti Tatjána : Frankó Tünde /
Elmentve itt :
| Szerző: | |
|---|---|
| Dokumentumtípus: | Cikk |
| Megjelent: |
1993-12-10
|
| Sorozat: | Délmagyarország
83 No. 288 |
| Kulcsszavak: | Frankó Tünde, vendégszereplések |
| Online Access: | http://dmarchiv.bibl.u-szeged.hu/93872 |
| LEADER | 00529nab a2200157 i 4500 | ||
|---|---|---|---|
| 001 | delm93872 | ||
| 005 | 20191004084025.0 | ||
| 008 | 191004s1993 hu o 0|| hun d | ||
| 040 | |a SZTE Délmagyarország Archívum |b hun | ||
| 041 | |a hun | ||
| 100 | 1 | |a Hollósi Zsolt | |
| 245 | 1 | 0 | |a "Lírai alkat, de szláv torok kell hozzá" |h [elektronikus dokumentum] : |b A péntek esti Tatjána : Frankó Tünde / |c Hollósi Zsolt |
| 260 | |c 1993-12-10 | ||
| 300 | |a 5 | ||
| 490 | 0 | |a Délmagyarország |v 83 No. 288 | |
| 695 | |a Frankó Tünde, vendégszereplések | ||